| 000 | 00631nam a2200181Ia 4500 | ||
|---|---|---|---|
| 008 | 151018s9999 xx 000 0 und d | ||
| 082 |
_bRBASDV23090 _a891.464 |
||
| 100 | _aराजा मंगळवेढेकर | ||
| 245 | _aकथा आणि कथाकथन | ||
| 250 | _b2 | ||
| 260 |
_bअनिरुद्ध पब्लिशिंग _c1982 |
||
| 300 | _a152 | ||
| 600 | _aराजा मंगळवेढेकर | ||
| 630 | _aकथा आणि कथाकथन | ||
| 700 | _aराजा मंगळवेढेकर | ||
| 730 | _aकथा आणि कथाकथन | ||
| 942 | _cBOOK | ||
| 999 |
_c1022753 _d1022750 |
||